<?xml version="1.0" encoding="UTF-8"?>
<marc:record xmlns:marc="http://www.loc.gov/MARC21/slim">
   <marc:leader>00000nam a2200000 a 4500</marc:leader>
   <marc:datafield ind1="1" ind2=" " tag="100">
      <marc:subfield code="a">Garrido, Antonio</marc:subfield>
      <marc:subfield code="4">aut</marc:subfield>
      <marc:subfield code="e">Verfasser/-in</marc:subfield>
   </marc:datafield>
   <marc:datafield ind1="1" ind2=" " tag="100">
      <marc:subfield code="a">Brandestini, Julika</marc:subfield>
      <marc:subfield code="4">trl</marc:subfield>
      <marc:subfield code="e">Übersetzer/-in</marc:subfield>
   </marc:datafield>
   <marc:datafield ind1="1" ind2=" " tag="100">
      <marc:subfield code="a">Petermann, Enno</marc:subfield>
      <marc:subfield code="4">trl</marc:subfield>
      <marc:subfield code="e">Übersetzer/-in</marc:subfield>
   </marc:datafield>
   <marc:datafield ind1="1" ind2=" " tag="100">
      <marc:subfield code="a">Garrido, Antonio</marc:subfield>
   </marc:datafield>
   <marc:datafield ind1=" " ind2=" " tag="653">
      <marc:subfield code="a">Erzählungen</marc:subfield>
   </marc:datafield>
   <marc:datafield ind1=" " ind2=" " tag="653">
      <marc:subfield code="a">Historische Romane und Erzählungen</marc:subfield>
   </marc:datafield>
   <marc:datafield ind1="0" ind2="0" tag="245">
      <marc:subfield code="a">Der Totenleser</marc:subfield>
   </marc:datafield>
   <marc:datafield ind1="0" ind2="0" tag="245">
      <marc:subfield code="b">Roman</marc:subfield>
   </marc:datafield>
   <marc:datafield ind1="0" ind2="0" tag="245">
      <marc:subfield code="c">Antonio Garrido. Aus dem Span. von Julika Brandestini und Enno Petermann</marc:subfield>
   </marc:datafield>
   <marc:datafield ind1=" " ind2="1" tag="264">
      <marc:subfield code="a">Berlin</marc:subfield>
      <marc:subfield code="b">Aufbau Taschenbuch</marc:subfield>
      <marc:subfield code="c">2014</marc:subfield>
   </marc:datafield>
   <marc:datafield ind1=" " ind2=" " tag="250">
      <marc:subfield code="a">1. Aufl.</marc:subfield>
   </marc:datafield>
   <marc:datafield ind1="1" ind2=" " tag="520">
      <marc:subfield code="a">Angaben aus der Verlagsmeldung

Der Totenleser : Roman Garrido. Der Totenleser(TB) / von Antonio Manuel Garrido

Der chinesische Medicus

China, um das Jahr 1200: Mitten in den turbulenten Zeiten der Song-Dynastie arbeitet sich der mittellose und verwaiste Song Ci mit Fleiß und Entschlossenheit vom Leichenbestatter zum besten Studenten der angesehenen Ming-Akademie hoch. Seine Gabe, die dunklen Geheimnisse aufzudecken, die sich hinter den Verletzungen der Toten verbergen, erregt Aufsehen - aber auch Missgunst. Ci wird denunziert und wegen seiner revolutionären Obduktionsmethoden von der Justiz verfolgt. Doch seine außergewöhnlichen Fähigkeiten sprechen sich herum, bis sie schließlich auch dem Kaiser Song Nin Zong zu Ohren kommen. Er lässt den "Totenleser" zu sich rufen und bittet ihn, eine Reihe grausamer Morde am Hof zu untersuchen, die seine Dynastie zu vernichten drohen. Song Ci willigt ein - nicht ahnend, zwischen welche Fronten er schon bald gerät, gegen welche Mauern aus Schweigen er stoßen und welchen Intrigen er begegnen wird. Als er sich leidenschaftlich in die kaiserliche Konkubine Blaue Iris verliebt, wird die Luft im Palast dünn für ihn. Wem kann er vertrauen, und wer wird ihn verraten?
Ein atemberaubender Roman über den ersten Gerichtsmediziner der Geschichte, ausgezeichnet mit internationalen Preis des Historischen Romans von Zaragoza.

"Ein atemberaubendes Szenario, eine exzellente Recherche, verblüffende Details und eine Handlung, die packender nicht sein könnte." Radio Onda Cero
</marc:subfield>
   </marc:datafield>
   <marc:datafield ind1=" " ind2=" " tag="020">
      <marc:subfield code="a">9783746630137</marc:subfield>
      <marc:subfield code="9">9783746630137</marc:subfield>
   </marc:datafield>
   <marc:datafield ind1=" " ind2=" " tag="020">
      <marc:subfield code="a">3746630134</marc:subfield>
      <marc:subfield code="9">3746630134</marc:subfield>
   </marc:datafield>
   <marc:datafield ind1=" " ind2=" " tag="041">
      <marc:subfield code="a">ger</marc:subfield>
   </marc:datafield>
   <marc:datafield ind1=" " ind2=" " tag="300">
      <marc:subfield code="a">639 S.</marc:subfield>
   </marc:datafield>
</marc:record>
